000 00916cam a2200253 4500
001 WB3743-15
008 011113n2001 000 0 eng u
035 _a(Sirsi) u115584
245 _aShops still strong at auction
260 _c2001
490 _aProperty Week
_v66(45) 9 November 2001, 23(1)
520 _aFigures from the Auction Results Analysis System tables indicate a 7.1% increase in value of shops sold at auction during summer 2001. In contrast, IPD retail property values show a fall of 4.3%. The marked increase in auction sale prices occurs when interest rates are low. Tables.
590 _aWB
650 _aSHOPS
650 _aINTEREST RATES
650 _aAuctioneering
_96218
650 _aRETAIL PROPERTY
650 _aPRICES
650 _aAUCTION SALES
650 _aPROPERTY VALUES
650 _aIPD
690 _aPROPERTY-COMMERCIAL PROPERTY-RETAIL PROPERTY
942 _n0
999 _c68838
_d68838